Szczegóły MARC21

Potęga pozytywnego przywództwa : dobry szef-lepszy pracownik /

003 -Nazwa inst., której nr kontr. jest w polu 001 [,]
    • @
    • Nazwa instytucji, której n kontrolny jest w polu 001
    • NUKAT
005 -DATA I CZAS OSTATNIEJ MODYFIKACJI [,]
    • @
    • pole kontrolne
    • 20241231114533.0
020 -Międzynarod. znormalizowany nr książki - ISBN [ , ]
    • a
    • Numer ISBN
    • 9788380873308 Find
040 -Instytucja sporządzająca opis [ , ]
    • a
    • Instytucja, która sporządziła opis (NP)
    • WA 510/ADD
    • b
    • Język katalogowania
    • pol
    • e
    • Zasady katalogowania
    • rda
    • c
    • Instytucja, która sporządziła rekord (NP)
    • WA 510/ADD
    • d
    • Instytucja, która zmodyfikowała rekord (P)
    • WA 510/ADD
    • d
    • Instytucja, która zmodyfikowała rekord (P)
    • KR 7/HTs
    • d
    • Instytucja, która zmodyfikowała rekord (P)
    • WA 14/MBs
    • d
    • Instytucja, która zmodyfikowała rekord (P)
    • SZCZ U/AB
041 -Język dokumentu [1, ]
    • a
    • Język tekstu (P)
    • polski
    • h
    • Język tekstu oryginalnego i/lub pośredniego (P)
    • angielski
942 -Rodzaj dokumentu [ , ]
    • c
    • Rodzaj dokumentu
    • Książka
100 -Hasło główne - nazwa osobowa [1, ]
    • a
    • Nazwa osobowa (NP)
    • Gordon, Jon
    • d
    • Daty biograficzne (NP)
    • (1971- ).
    • e
    • Rodzaj współpracy
    • Autor
    • 9
    • KHW
    • 469075
245 -Strefa tytułu i oznaczenia odpowiedzialności [1,0]
    • a
    • Tytuł
    • Potęga pozytywnego przywództwa : Find
    • b
    • Ciąg dalszy tytułu (NP)
    • dobry szef-lepszy pracownik / Find
    • c
    • Pozostałe elementy strefy tytułu i oznaczenia odpowiedzialności (NP)
    • Jon Gordon ; przekład Magda Witkowska.
246 -Wariant tytułu [1, ]
    • i
    • Tekst wyświetlany na ekranie monitora (NP)
    • Tytuł oryginału.:
    • a
    • Tytuł (NP)
    • Power of positive leadership
260 -Strefa adresu wydawniczego [ , ]
    • a
    • Miejsce wydania (P)
    • Warszawa :
    • b
    • Nazwa wydawcy (P)
    • MT Biznes,
    • c
    • Data wydania (P)
    • copyright 2018.
300 -Strefa opisu fizycznego [ , ]
    • a
    • Określenie formy książki i/lub objętość (NP)
    • 238 stron ;
    • c
    • Format (NP)
    • 22 cm.
336 -Typ zawartości [ , ]
    • a
    • Termin opisujący typ zawartości
    • Tekst
    • b
    • Kod określający zawartość
    • txt
    • 2
    • Źródło (terminu i kodu)
    • rdacontent
337 -Typ mediów [ , ]
    • a
    • Tryb odtwarzania
    • Bez urządzenia pośredniczącego
    • b
    • Kod typu mediów
    • n
    • 2
    • Źródło (terminu i kodu)
    • rdamedia
338 -Typ/rodzaj nośnika [ , ]
    • a
    • Hasło opisujące typ nośnika
    • Wolumin
    • b
    • Kod typu nośnika
    • nc
    • 2
    • Źródło (terminu i kodu)
    • rdacarrier
380 -Deskryptor - Forma dzieła (P) [ , ]
    • a
    • forma dzieła (NP)
    • Książki
380 -Deskryptor - Forma dzieła (P) [ , ]
    • a
    • forma dzieła (NP)
    • Poradniki i przewodniki
388 -Deskryptor - czas powstania dzieła (P) [1, ]
    • a
    • Czas powstania dzieła (NP)
    • 2001-
500 -Uwaga ogólna [ , ]
    • a
    • Uwaga ogólna (NP)
    • Tytuł oryginału.: The Power of Positive Leadership: How and Way Positive Leaders Transform Teams and Organizations and Change the World.
650 -Hasło przedmiotowe [ ,7]
    • a
    • Hasło przedmiotowe
    • Przywództwo
    • x
    • Określnik rzeczowy
    • aspekt społeczny.
    • 2
    • Źródło terminu
    • kaba
    • 9
    • KHW
    • 386309
650 -Hasło przedmiotowe [ ,7]
    • a
    • Hasło przedmiotowe
    • Przywództwo
    • x
    • Określnik rzeczowy
    • aspekt psychologiczny.
    • 2
    • Źródło terminu
    • kaba
    • 9
    • KHW
    • 381651
650 -Hasło przedmiotowe [ ,7]
    • a
    • Hasło przedmiotowe
    • Komunikacja interpersonalna.
    • 2
    • Źródło terminu
    • kaba
    • 9
    • KHW
    • 114877
650 -Hasło przedmiotowe [ ,7]
    • a
    • Hasło przedmiotowe
    • Psychologia pozytywna.
    • 2
    • Źródło terminu
    • kaba
    • 9
    • KHW
    • 162965
650 -Hasło przedmiotowe [ ,7]
    • a
    • Hasło przedmiotowe
    • Motywacja personelu.
    • 2
    • Źródło terminu
    • kaba
    • 9
    • KHW
    • 123509
650 -Hasło przedmiotowe [ ,7]
    • a
    • Hasło przedmiotowe
    • Motywacja pracy
    • 2
    • Źródło terminu
    • DBN
    • 9
    • KHW
    • 722709
650 -Hasło przedmiotowe [ ,7]
    • a
    • Hasło przedmiotowe
    • Przywództwo
    • 2
    • Źródło terminu
    • DBN
    • 9
    • KHW
    • 722346
650 -Hasło przedmiotowe [ ,7]
    • a
    • Hasło przedmiotowe
    • Relacje międzyludzkie
    • 2
    • Źródło terminu
    • DBN
    • 9
    • KHW
    • 722973
650 -Hasło przedmiotowe [ ,7]
    • a
    • Hasło przedmiotowe
    • Zarządzanie zasobami ludzkimi (HRM)
    • 2
    • Źródło terminu
    • DBN
    • 9
    • KHW
    • 722353
650 -Hasło przedmiotowe [ ,7]
    • a
    • Hasło przedmiotowe
    • Postawy
    • 2
    • Źródło terminu
    • DBN
    • 9
    • KHW
    • 722702
655 -Hasło w funkcji tematu formalnego [ ,7]
    • a
    • Hasło
    • Poradnik
    • 2
    • Źródło terminu
    • DBN
    • 9
    • KHW
    • 721725
658 -Ujęcie treści [ , ]
    • a
    • dziedzina nauki i sztuki/ sfera aktywności życiowej
    • Psychologia
658 -Ujęcie treści [ , ]
    • a
    • dziedzina nauki i sztuki/ sfera aktywności życiowej
    • Zarządzanie i marketing
658 -Ujęcie treści [ , ]
    • a
    • dziedzina nauki i sztuki/ sfera aktywności życiowej
    • Praca, kariera, pieniądze
700 -Hasło dodatkowe - nazwa osobowa [1, ]
    • a
    • Nazwa osobowa (NP)
    • Witkowska, Magda. Find
    • e
    • Określenie rodzaju współpracy
    • Tłumaczenie
    • 9
    • KHW
    • 26276
710 -Hasło dodatkowe - nazwa ciała zbiorowego [2, ]
    • a
    • Nazwa ciała zbiorowego lub nazwa geograficzna jako pierwszy element (NP)
    • MT Biznes.
    • e
    • Rodzaj współpracy
    • Wydawca
    • 4
    • Kod relacji
    • pbl
    • 9
    • KHW
    • 64165
920 -ISBN [ , ]
    • a
    • ISBN
    • 978-83-8087-330-8 Find
Lokalizacja Data inwentaryzacji Numer inwentarzowy Status udost.
BE2018-10-25E.78570-2